[Event "4NCL Online Division 5"]
[Site "online"]
[Date "2021.04.06"]
[EventDate "2021.04.06"]
[Round "6.94"]
[White "Hamish, Mackenzie"]
[WhiteElo "700"]
[WhiteTeam "Bishop Knights"]
[Black "Tang, Julian"]
[BlackElo "1834"]
[BlackTeam "Braunstone 1"]
[Result "0-1"]
[PlyCount "48"]

1. e4 d5 2. exd5 Nf6 3. d4 Qxd5 4. Nc3 Qd8 5. Nf3 Bg4 6. Bc4 e6 7. O-O Be7 8. Re1 O-O 9. h3 Bh5 10. Bf4 a6 11. Qd3 Nc6 12. a3 Bxf3 13. gxf3 Qxd4 14. Be3 Qh4 15. Kh2 Bd6+ 16. Kg2 Ne5 17. Qe2 Nxc4 18. Rg1 Nxe3+ 19. Qxe3 Nh5 20. Kf1 Bf4 21. Qd4 Rad8 22. Qe4 Qxh3+ 23. Ke1 Bd2+ 24. Ke2 Nf4+ 0-1

[Event "4NCL Online Division 5"]
[Site "online"]
[Date "2021.04.06"]
[EventDate "2021.04.06"]
[Round "6.101"]
[White "Mooney, David Paul"]
[WhiteElo "2181"]
[WhiteTeam "Chessable White Rose 3"]
[Black "Hossain Mohammed, Ashraf"]
[BlackElo "1821"]
[BlackTeam "Enfield 1"]
[Result "1-0"]
[PlyCount "83"]

1. e4 e5 2. Nf3 Nc6 3. d4 exd4 4. c3 Be7 5. cxd4 d6 6. Nc3 Nf6 7. Bb5 O-O 8. O-O Bg4 9. d5 Ne5 10. Be2 Bxf3 11. Bxf3 h6 12. Be2 Nh7 13. Be3 f5 14. exf5 Rxf5 15. f4 Nd7 16. Qc2 Rf8 17. Nb5 Nhf6 18. Qxc7 Nxd5 19. Bc4 Nf6 20. Qxd8 Rfxd8 21. Nc3 Kf8 22. Bxd5 Rac8 23. Be6 Ra8 24. Rad1 a6 25. g4 Nd7 26. Bxd7 Rxd7 27. Nd5 Bd8 28. Nb6 Bxb6 29. Bxb6 Rc8 30. Rc1 Rc6 31. Bd4 Re7 32. Rxc6 bxc6 33. Kf2 Re4 34. Be3 Rc4 35. Rc1 Rxc1 36. Bxc1 Kf7 37. Kf3 Ke6 38. Ke4 g6 39. f5+ gxf5+ 40. gxf5+ Kf6 41. Bxh6 d5+ 42. Kf4 1-0

[Event "4NCL Online Division 5"]
[Site "online"]
[Date "2021.04.06"]
[EventDate "2021.04.06"]
[Round "6.102"]
[White "McNish, David"]
[WhiteElo "1776"]
[WhiteTeam "Enfield 1"]
[Black "Arnott, Jonathan W"]
[BlackTitle "CM"]
[BlackElo "2092"]
[BlackTeam "Chessable White Rose 3"]
[Result "0-1"]
[PlyCount "99"]

1. d4 d5 2. Nf3 Nf6 3. e3 g6 4. Nbd2 Bg7 5. Bd3 O-O 6. O-O Nc6 7. c3 Re8 8. e4 e5 9. dxe5 Nxe5 10. Nxe5 dxe4 11. Nxe4 Rxe5 12. Nxf6+ Qxf6 13. Qc2 Bf5 14. Be3 Bxd3 15. Qxd3 Rd8 16. Qc4 Qe7 17. Rad1 Re8 18. Rd3 a5 19. h3 c6 20. Rfd1 b5 21. Qxc6 b4 22. Rd7 Qh4 23. R1d4 Qh5 24. Qc4 Qf5 25. cxb4 axb4 26. Rd3 Re4 27. Qb3 Be5 28. Rd8 Bc7 29. Rxe8+ Rxe8 30. Rd1 Qe5 31. g3 Qf5 32. h4 Qf3 33. Qd5 Rxe3 34. fxe3 Qxg3+ 35. Kf1 Qxe3 36. Re1 Qf4+ 37. Ke2 Qxh4 38. Kd1 Qg4+ 39. Kc1 h5 40. Qc6 Qf4+ 41. Kb1 Kg7 42. Qc2 h4 43. a3 h3 44. axb4 h2 45. Rh1 g5 46. Qc3+ Be5 47. Qh3 Qe4+ 48. Ka2 Qxh1 49. b5 Qa8+ 50. Kb3 0-1

[Event "4NCL Online Division 5"]
[Site "online"]
[Date "2021.04.06"]
[EventDate "2021.04.06"]
[Round "6.103"]
[White "Edwards-Wright, Miles D"]
[WhiteElo "2124"]
[WhiteTeam "Chessable White Rose 3"]
[Black "O'Caolaidhe, Cormac"]
[BlackElo "1564"]
[BlackTeam "Enfield 1"]
[Result "1-0"]
[PlyCount "61"]

1. e4 e5 2. Bc4 Nf6 3. d4 exd4 4. Nf3 Bb4+ 5. c3 dxc3 6. bxc3 Bc5 7. e5 d5 8. exf6 dxc4 9. Qxd8+ Kxd8 10. fxg7 Re8+ 11. Kd1 Bg4 12. h3 Bd7 13. a4 Nc6 14. Nbd2 Rg8 15. Ne4 Be7 16. Bh6 f5 17. Ng3 Kc8 18. Kd2 a5 19. Rhe1 Ra6 20. Nh5 Bd8 21. Bg5 Be8 22. Rxe8 Rxe8 23. Re1 Bxg5+ 24. Nxg5 Rg8 25. Re6 Nd8 26. Rxa6 bxa6 27. Nxh7 Ne6 28. N7f6 Rd8+ 29. Kc2 Nxg7 30. Nxg7 Rd3 31. Nxf5 1-0

[Event "4NCL Online Division 5"]
[Site "online"]
[Date "2021.04.06"]
[EventDate "2021.04.06"]
[Round "6.104"]
[White "Kapur, Gul"]
[WhiteElo "1466"]
[WhiteTeam "Enfield 1"]
[Black "Clarke, Connor"]
[BlackElo "1953"]
[BlackTeam "Chessable White Rose 3"]
[Result "0-1"]
[PlyCount "72"]

1. d4 d5 2. c4 dxc4 3. Nc3 a6 4. a4 Nc6 5. Nf3 e5 6. d5 Na5 7. e4 Bg4 8. h3 Bxf3 9. gxf3 Bb4 10. Bd2 Qe7 11. Rb1 O-O-O 12. Qc2 f5 13. Na2 Bxd2+ 14. Qxd2 Qc5 15. Qc3 b6 16. b4 cxb3 17. Qxc5 bxc5 18. Bxa6+ Kd7 19. Bb5+ Kd6 20. Nc3 c4 21. Ke2 Kc5 22. Ke3 f4+ 23. Ke2 Nf6 24. Rhd1 g6 25. Rd2 Rd6 26. Rbd1 Rhd8 27. Rb2 c6 28. dxc6 Rxd1 29. Nxd1 Nxc6 30. Rd2 Rxd2+ 31. Kxd2 Nd4 32. Nc3 Kb4 33. Nd5+ Nxd5 34. exd5 Nxb5 35. axb5 Kxb5 36. Kc3 Kc5 0-1

[Event "4NCL Online Division 5"]
[Site "online"]
[Date "2021.04.06"]
[EventDate "2021.04.06"]
[Round "6.111"]
[White "Reynolds, D Ian W"]
[WhiteElo "2011"]
[WhiteTeam "Redbridge All Sorts 1"]
[Black "Cooney, Brendan"]
[BlackElo "1864"]
[BlackTeam "St Benildus C"]
[Result "1-0"]
[PlyCount "103"]

1. e4 e6 2. d4 d5 3. Nc3 Nf6 4. e5 Nfd7 5. f4 c5 6. Nf3 Nc6 7. Be3 Be7 8. Qd2 O-O 9. dxc5 Nxc5 10. O-O-O Qa5 11. Kb1 Rb8 12. Nd4 Nxd4 13. Bxd4 b5 14. Nxd5 Qd8 15. Nxe7+ Qxe7 16. Bxc5 Qxc5 17. Qd6 Qb6 18. Qxb6 Rxb6 19. Bd3 Bb7 20. Rd2 g6 21. Rhd1 Bd5 22. b3 b4 23. Kb2 Rc8 24. a3 a5 25. axb4 axb4 26. Ra1 Rc7 27. g3 Kg7 28. Ra5 Rc3 29. Ra4 Rc7 30. Rf2 Bc6 31. Ra5 Bd5 32. Rb5 Rxb5 33. Bxb5 Rc3 34. Rd2 Be4 35. Bd3 Bf3 36. Bc4 Be4 37. Be2 Rc7 38. Bd1 Bd5 39. Rd4 Rb7 40. c3 bxc3+ 41. Kxc3 Rc7+ 42. Kb2 f6 43. b4 fxe5 44. fxe5 Kh6 45. Bb3 Bxb3 46. Kxb3 Kg5 47. Rf4 Rc1 48. h4+ Kh6 49. b5 Rc5 50. Rb4 Rxe5 51. b6 Rd5 52. b7 1-0

[Event "4NCL Online Division 5"]
[Site "online"]
[Date "2021.04.06"]
[EventDate "2021.04.06"]
[Round "6.112"]
[White "Kenny, William"]
[WhiteElo "1726"]
[WhiteTeam "St Benildus C"]
[Black "Freeman, Ashley"]
[BlackElo "1962"]
[BlackTeam "Redbridge All Sorts 1"]
[Result "0-1"]
[PlyCount "57"]

1. e4 e5 2. Nf3 Nc6 3. Bc4 Nf6 4. Ng5 d5 5. exd5 Na5 6. Bb5+ c6 7. dxc6 bxc6 8. Bd3 Nd5 9. h4 Nf4 10. Bf1 h6 11. Ne4 Ne6 12. b3 Be7 13. Ba3 O-O 14. Bxe7 Qxe7 15. Nbc3 f5 16. Ng3 Nd4 17. Be2 Bb7 18. O-O c5 19. h5 Rad8 20. Nb5 f4 21. Nxd4 Rxd4 22. Nh1 f3 23. Bxf3 Rxf3 24. gxf3 Rf4 25. Ng3 Bxf3 26. Qe1 Qh4 27. Qxe5 Qh3 28. Qe8+ Rf8 29. Qxf8+ 0-1

[Event "4NCL Online Division 5"]
[Site "online"]
[Date "2021.04.06"]
[EventDate "2021.04.06"]
[Round "6.113"]
[White "Hunnable, Ian D"]
[WhiteElo "1939"]
[WhiteTeam "Redbridge All Sorts 1"]
[Black "Willow, David"]
[BlackElo "1684"]
[BlackTeam "St Benildus C"]
[Result "1-0"]
[PlyCount "69"]

1. Nf3 Nf6 2. d4 d5 3. c4 e6 4. Bg5 Be7 5. e3 O-O 6. Nbd2 h6 7. Bh4 b6 8. Bd3 Bb7 9. O-O Nbd7 10. Rc1 Rc8 11. Qc2 c5 12. Qb1 dxc4 13. Bxc4 Nd5 14. Bg3 N7f6 15. h3 a6 16. e4 Nb4 17. a3 Nc6 18. dxc5 Bxc5 19. Rfd1 Nd7 20. b4 Be7 21. Ba2 Bg5 22. h4 Bxd2 23. Rxd2 Ncb8 24. Rcd1 Qf6 25. Rxd7 Nxd7 26. Rxd7 Bxe4 27. Qxe4 Qa1+ 28. Kh2 Qxa2 29. Qb7 Rcd8 30. Bd6 Rxd7 31. Qxd7 Qd5 32. Qc7 Re8 33. Ne5 Kh7 34. Qxf7 Qxd6 35. Qg6+ 1-0

[Event "4NCL Online Division 5"]
[Site "online"]
[Date "2021.04.06"]
[EventDate "2021.04.06"]
[Round "6.114"]
[White "Putar, Slavko"]
[WhiteElo "1676"]
[WhiteTeam "St Benildus C"]
[Black "McCall, Martin"]
[BlackElo "2000"]
[BlackTeam "Redbridge All Sorts 1"]
[Result "1-0"]
[PlyCount "99"]

1. e4 e6 2. d4 b6 3. Bd3 Bb7 4. Be3 Nf6 5. Nd2 c5 6. c3 Nc6 7. Ne2 Be7 8. O-O Ng4 9. Bf4 e5 10. dxe5 Ngxe5 11. Bc2 O-O 12. Ng3 Ng6 13. Be3 Ba6 14. Re1 Nce5 15. Nb3 Bg5 16. Nf5 Nc4 17. Bc1 Qf6 18. g3 Bxc1 19. Qxc1 Nge5 20. Kg2 g6 21. Nh4 Nd6 22. f4 Nd3 23. Bxd3 Bxd3 24. e5 Qe6 25. exd6 Qxd6 26. Nf3 Qc6 27. Qe3 Bc4 28. Nd2 Be6 29. Kf2 Rfe8 30. Ne4 Kg7 31. Qd3 d5 32. Ned2 Bf5 33. Qf1 f6 34. Rxe8 Rxe8 35. Re1 Be4 36. Nxe4 dxe4 37. Nd2 b5 38. Re3 f5 39. Qe1 Rd8 40. Nb3 Qd5 41. Qe2 c4 42. Nd4 a5 43. Qc2 b4 44. Qa4 bxc3 45. bxc3 Rb8 46. Qa3 Qb7 47. Re2 e3+ 48. Rxe3 Qh1 49. Qe7+ Kh6 50. Nxf5+ 1-0

[Event "4NCL Online Division 5"]
[Site "online"]
[Date "2021.04.06"]
[EventDate "2021.04.06"]
[Round "6.121"]
[White "Jeffs, David"]
[WhiteElo "1695"]
[WhiteTeam "Warley And Quinborne"]
[Black "Karthikeyan, Pranav"]
[BlackElo "722"]
[BlackTeam "BCC Foxes"]
[Result "1-0"]
[PlyCount "71"]

1. d4 Nf6 2. c4 e6 3. Nc3 Bb4 4. Bd2 O-O 5. e3 c5 6. a3 Bxc3 7. Bxc3 b6 8. Be2 Bb7 9. Bf3 Nc6 10. Ne2 d5 11. dxc5 bxc5 12. cxd5 Nxd5 13. O-O Qg5 14. Bd2 Qg6 15. Rc1 Ne5 16. Bxd5 Bxd5 17. Nf4 Qg5 18. Nxd5 exd5 19. f4 Nf3+ 20. Qxf3 Qf5 21. Rxc5 Rfd8 22. Bc3 h6 23. Rd1 Qe4 24. Qxe4 dxe4 25. Rxd8+ Rxd8 26. Re5 Kh7 27. Rxe4 Kg6 28. Rd4 Re8 29. Kf2 f6 30. a4 Re7 31. Rd5 Re4 32. a5 Re7 33. Kf3 Rf7 34. Bd4 Kh7 35. Rd6 Kg6 36. Ra6 1-0

[Event "4NCL Online Division 5"]
[Site "online"]
[Date "2021.04.06"]
[EventDate "2021.04.06"]
[Round "6.123"]
[White "Lewis, John B"]
[WhiteElo "1433"]
[WhiteTeam "Warley And Quinborne"]
[Black "Panunzio, Jacopo"]
[BlackElo "695"]
[BlackTeam "BCC Foxes"]
[Result "1-0"]
[PlyCount "103"]

1. d4 d6 2. c4 e5 3. d5 Nf6 4. Bg5 Be7 5. e3 Bf5 6. Bd3 Bxd3 7. Qxd3 O-O 8. Nc3 Na6 9. a3 Nc5 10. Qc2 Qd7 11. b4 Qg4 12. g3 Qxg5 13. bxc5 dxc5 14. Nf3 Qh5 15. Qe2 c6 16. dxc6 bxc6 17. Nh4 Ng4 18. h3 Nf6 19. Qxh5 Nxh5 20. Nf5 Bf6 21. Nd6 e4 22. Ndxe4 Be5 23. g4 Nf6 24. Rb1 Nxe4 25. Nxe4 Bc3+ 26. Nxc3 Rfe8 27. Ke2 Red8 28. Rhd1 Rxd1 29. Rxd1 a5 30. Na4 Rb8 31. Nxc5 Rb2+ 32. Kf3 h6 33. a4 Rc2 34. Rd4 f6 35. Nb7 c5 36. Nxc5 g5 37. Nb7 Rb2 38. Nxa5 Rb4 39. c5 Rxd4 40. exd4 Kf8 41. c6 Ke8 42. d5 Kd8 43. d6 Kc8 44. d7+ Kc7 45. Nb7 Kxc6 46. d8=Q Kxb7 47. Qd6 Ka7 48. Ke4 Ka8 49. Qb6 f5+ 50. Kd5 fxg4 51. Kc6 gxh3 52. Qb7# 1-0

[Event "4NCL Online Division 5"]
[Site "online"]
[Date "2021.04.06"]
[EventDate "2021.04.06"]
[Round "6.124"]
[White "Wang, Mark"]
[WhiteElo "704"]
[WhiteTeam "BCC Foxes"]
[Black "Woodward, Pauline"]
[BlackElo "1239"]
[BlackTeam "Warley And Quinborne"]
[Result "0-1"]
[PlyCount "100"]

1. d4 Nf6 2. c4 c5 3. e3 cxd4 4. exd4 d6 5. Nf3 g6 6. Bd3 Bg7 7. Nc3 O-O 8. O-O Nc6 9. Be3 Be6 10. d5 Bxd5 11. cxd5 Nb4 12. Qb3 Nxd3 13. Qxb7 Qb8 14. Qxb8 Raxb8 15. Rfd1 Nxb2 16. Rdb1 Nc4 17. Rxb8 Rxb8 18. Bxa7 Rb7 19. Bd4 e5 20. Be3 Nxe3 21. fxe3 Rc7 22. Nb5 Rd7 23. Rc1 Nxd5 24. Rc8+ Bf8 25. e4 Nb6 26. Rb8 Nc4 27. a4 Kg7 28. Ra8 Nb6 29. Ra6 Nc4 30. Rc6 Na5 31. Ra6 Nb3 32. a5 d5 33. Nxe5 Rb7 34. Rb6 Ra7 35. a6 Bc5+ 36. Kh1 Bxb6 37. Nxa7 Bxa7 38. Nc6 Be3 39. a7 Bxa7 40. Nxa7 dxe4 41. Kg1 f5 42. Nc6 Kf6 43. Kf2 Nc1 44. Ke3 Kg5 45. Nd4 h5 46. g3 Kg4 47. Ne2 Nxe2 48. Kxe2 Kh3 49. Ke3 Kxh2 50. Kf4 Kg2 0-1

[Event "4NCL Online Division 5"]
[Site "online"]
[Date "2021.04.06"]
[EventDate "2021.04.06"]
[Round "6.131"]
[White "Dicks, Duncan"]
[WhiteElo "2160"]
[WhiteTeam "Stroud Middles"]
[Black "Borwell, Alan P"]
[BlackElo "1950"]
[BlackTeam "Dundee City B"]
[Result "1-0"]
[PlyCount "75"]

1. e4 c5 2. Nc3 a6 3. a4 e6 4. f4 d5 5. Nf3 Nc6 6. g3 d4 7. Ne2 Be7 8. Bg2 h5 9. h4 Nh6 10. d3 b6 11. O-O Bb7 12. Ne5 Qc7 13. Bd2 Rd8 14. Bh3 Bf6 15. Nc4 Bc8 16. a5 b5 17. Nb6 Bb7 18. f5 exf5 19. Nd5 Rxd5 20. exd5 Ne7 21. Nf4 Ng4 22. Bg2 Qd6 23. Qe2 Kf8 24. Rae1 g6 25. c4 bxc4 26. dxc4 Kg7 27. Qf3 Ne5 28. Rxe5 Bxe5 29. Re1 Bc8 30. Nd3 f6 31. Qe2 Re8 32. Nxe5 fxe5 33. Qxe5+ Qxe5 34. Rxe5 Kf7 35. d6 Ng8 36. Bd5+ Be6 37. d7 Bxd5 38. dxe8=Q+ 1-0

[Event "4NCL Online Division 5"]
[Site "online"]
[Date "2021.04.06"]
[EventDate "2021.04.06"]
[Round "6.132"]
[White "Kynoch, Richard"]
[WhiteElo "1873"]
[WhiteTeam "Dundee City B"]
[Black "Davis, Cameron"]
[BlackElo "1589"]
[BlackTeam "Stroud Middles"]
[Result "0-1"]
[PlyCount "48"]

1. e4 c5 2. Nc3 Nc6 3. Bb5 Nd4 4. Nf3 Nxb5 5. Nxb5 g6 6. d4 Bg7 7. Be3 Nf6 8. Nc3 cxd4 9. Bxd4 d6 10. Qd3 O-O 11. O-O-O Be6 12. Ng5 Bxa2 13. Nxh7 Nxh7 14. Bxg7 Kxg7 15. Nxa2 Qa5 16. Kb1 Nf6 17. Nc3 Rac8 18. h4 Ng4 19. Qe2 Rxc3 20. Qxg4 Rc5 21. f4 Rfc8 22. Rd5 Qa4 23. Rxc5 Rxc5 24. Qe2 Ra5 0-1

[Event "4NCL Online Division 5"]
[Site "online"]
[Date "2021.04.06"]
[EventDate "2021.04.06"]
[Round "6.133"]
[White "Killey, Ainsley"]
[WhiteElo "1606"]
[WhiteTeam "Stroud Middles"]
[Black "Babin, Andre"]
[BlackElo "1829"]
[BlackTeam "Dundee City B"]
[Result "0-1"]
[PlyCount "64"]

1. e4 c5 2. Nf3 Nc6 3. d4 cxd4 4. Nxd4 e5 5. Nb5 d6 6. N1c3 a6 7. Na3 Be7 8. Be3 Nf6 9. f3 b5 10. Nd5 O-O 11. c3 Nxd5 12. exd5 Nb8 13. Qd2 Nd7 14. Bd3 f5 15. O-O Nf6 16. c4 f4 17. Bf2 Qe8 18. cxb5 g5 19. h3 h5 20. Qc2 Kg7 21. Be4 Nxe4 22. fxe4 g4 23. Qc6 Bd7 24. Qc3 Rc8 25. Qe1 axb5 26. hxg4 hxg4 27. Rc1 Rxc1 28. Qxc1 g3 29. Qd1 Rh8 30. Bc5 Rh1+ 31. Kxh1 Qh8+ 32. Kg1 Qh2# 0-1

[Event "4NCL Online Division 5"]
[Site "online"]
[Date "2021.04.06"]
[EventDate "2021.04.06"]
[Round "6.134"]
[White "Dawson, Euan"]
[WhiteElo "1833"]
[WhiteTeam "Dundee City B"]
[Black "Sarpotdar, Angad"]
[BlackElo "1448"]
[BlackTeam "Stroud Middles"]
[Result "1-0"]
[PlyCount "91"]

1. e4 c5 2. Nc3 g6 3. g3 Bg7 4. Bg2 Nf6 5. Nge2 Nc6 6. O-O O-O 7. d3 d6 8. h3 Bd7 9. Be3 Qc7 10. Qd2 Rfe8 11. f4 e6 12. d4 cxd4 13. Nxd4 Nxd4 14. Bxd4 e5 15. Be3 Rad8 16. Rad1 Bc6 17. f5 b5 18. a3 a5 19. Bg5 Qe7 20. Qe2 h6 21. Bxf6 Bxf6 22. Nxb5 Bxb5 23. Qxb5 Qa7+ 24. Kh1 Bg7 25. fxg6 fxg6 26. Qc4+ Kh8 27. Qf7 Qxf7 28. Rxf7 Rf8 29. Rxf8+ Bxf8 30. Bf1 Be7 31. Bc4 Rf8 32. Kg2 Rc8 33. b3 a4 34. Rd2 axb3 35. cxb3 Kg7 36. h4 g5 37. h5 Ra8 38. a4 Rf8 39. a5 Rb8 40. a6 Ra8 41. b4 Kf8 42. b5 Ke8 43. b6 Bd8 44. b7 Rb8 45. a7 Rxb7 46. a8=Q 1-0

[Event "4NCL Online Division 5"]
[Site "online"]
[Date "2021.04.06"]
[EventDate "2021.04.06"]
[Round "6.141"]
[White "Podlesak, Mark"]
[WhiteElo "1749"]
[WhiteTeam "Shropshire 4"]
[Black "Hughes, Roy"]
[BlackElo "2029"]
[BlackTeam "Broadland Falco Duboisi"]
[Result "0-1"]
[PlyCount "58"]

1. d4 d5 2. Nf3 Nf6 3. e3 e6 4. Bd3 b6 5. Nbd2 Bb7 6. O-O Bd6 7. b3 O-O 8. Bb2 Ne4 9. c4 Nd7 10. a4 Qe7 11. Qc2 f5 12. cxd5 exd5 13. a5 Rac8 14. Rfc1 Ndf6 15. h3 Nd7 16. Qd1 f4 17. Qe2 Rce8 18. Nf1 fxe3 19. Nxe3 Bf4 20. Ba3 c5 21. Bxe4 Qxe4 22. dxc5 bxc5 23. Bxc5 Nxc5 24. Rxc5 d4 25. Qc4+ Kh8 26. Nd5 Bd6 27. Nc3 dxc3 28. Qxe4 Bxe4 29. Rxc3 Bxf3 0-1

[Event "4NCL Online Division 5"]
[Site "online"]
[Date "2021.04.06"]
[EventDate "2021.04.06"]
[Round "6.142"]
[White "Hughes, Mervyn"]
[WhiteElo "1879"]
[WhiteTeam "Broadland Falco Duboisi"]
[Black "Maydew, Simon"]
[BlackElo "1743"]
[BlackTeam "Shropshire 4"]
[Result "1-0"]
[PlyCount "67"]

1. b3 e5 2. Bb2 Nc6 3. e3 Nf6 4. Bb5 Bd6 5. Na3 Na5 6. Be2 a6 7. Nf3 Qe7 8. Nb1 Nc6 9. d4 exd4 10. Nxd4 Nxd4 11. Qxd4 O-O 12. Nd2 Re8 13. Nc4 Bc5 14. Qh4 d6 15. Bxf6 Qxf6 16. Qxf6 gxf6 17. Bf3 c6 18. O-O-O d5 19. Nb2 Bf5 20. Nd3 Ba3+ 21. Kb1 a5 22. Nf4 a4 23. Nh5 Re6 24. Ng3 Bg6 25. b4 Bxb4 26. h4 Bc3 27. h5 Be4 28. Bxe4 dxe4 29. Rh4 Rae8 30. Rd7 b5 31. Nf5 Re5 32. Rg4+ Kf8 33. Rg7 Rxf5 34. Rdxf7# 1-0

[Event "4NCL Online Division 5"]
[Site "online"]
[Date "2021.04.06"]
[EventDate "2021.04.06"]
[Round "6.143"]
[White "Lockett, Daniel"]
[WhiteElo "1743"]
[WhiteTeam "Shropshire 4"]
[Black "Saravanan, Karthik"]
[BlackElo "1854"]
[BlackTeam "Broadland Falco Duboisi"]
[Result "0-1"]
[PlyCount "52"]

1. e4 c5 2. Nf3 d6 3. Bb5+ Bd7 4. Bxd7+ Qxd7 5. O-O Nf6 6. Qe2 Nc6 7. c3 e6 8. d4 cxd4 9. cxd4 d5 10. exd5 Nxd5 11. Nc3 Be7 12. Re1 O-O 13. Qe4 Rfd8 14. Be3 Rac8 15. Rad1 Ncb4 16. Ne5 Qd6 17. a3 Nxc3 18. bxc3 Nd5 19. c4 Nc3 20. Qf3 f6 21. c5 Qa6 22. Ng4 Nxd1 23. Rxd1 Qxa3 24. Qxb7 Bxc5 25. Bh6 Bf8 26. Qe4 Qe7 0-1

[Event "4NCL Online Division 5"]
[Site "online"]
[Date "2021.04.06"]
[EventDate "2021.04.06"]
[Round "6.144"]
[White "Badger, Paul"]
[WhiteElo "1762"]
[WhiteTeam "Broadland Falco Duboisi"]
[Black "Walker, Kate"]
[BlackElo "1677"]
[BlackTeam "Shropshire 4"]
[Result "1-0"]
[PlyCount "55"]

1. e4 c6 2. d4 d5 3. Nd2 e6 4. Ngf3 Bb4 5. c3 Ba5 6. Bd3 Ne7 7. O-O O-O 8. Re1 Nd7 9. Nb3 Bc7 10. e5 b6 11. Ng5 g6 12. Qg4 Nf5 13. Qh3 h5 14. g4 Ng7 15. gxh5 Nxh5 16. Be2 Kg7 17. Bxh5 Rh8 18. Qf3 Rxh5 19. Qxf7+ Kh8 20. Qxg6 Rxg5+ 21. Bxg5 Qg8 22. Qxg8+ Kxg8 23. Re3 Nf8 24. Rg3 Kf7 25. Bf6 Ng6 26. h4 Ba6 27. h5 Nf4 28. Rg7+ 1-0

[Event "4NCL Online Division 5"]
[Site "online"]
[Date "2021.04.06"]
[EventDate "2021.04.06"]
[Round "6.151"]
[White "Adriel, Au"]
[WhiteElo "1506"]
[WhiteTeam "Kent KJCA Kestrels E"]
[Black "Flynn, David"]
[BlackElo "1914"]
[BlackTeam "Ashfield Anonymous C"]
[Result "1-0"]
[PlyCount "117"]

1. d4 Nf6 2. c4 c5 3. d5 b5 4. cxb5 a6 5. bxa6 Bxa6 6. Nc3 d6 7. e4 Bxf1 8. Kxf1 g6 9. Nf3 Bg7 10. g3 O-O 11. Kg2 Qb6 12. a4 Na6 13. Re1 Nc7 14. Ra3 Rfb8 15. Qc2 Ng4 16. b3 Ne5 17. Nd2 Qa6 18. Bb2 Nd3 19. Rea1 Nxb2 20. Qxb2 Qa5 21. Ndb1 Rb4 22. Qc2 Rab8 23. R1a2 c4 24. bxc4 Rxc4 25. Rb2 Rcb4 26. Rab3 Qc5 27. Rxb4 Rxb4 28. Rxb4 Qxb4 29. Qd3 Qb3 30. f4 h5 31. h4 Qb4 32. Kf3 Bd4 33. Nb5 Nxb5 34. axb5 Bc5 35. Nd2 Qb2 36. Qe2 Kf8 37. e5 dxe5 38. fxe5 Qc3+ 39. Kg2 Qd4 40. Kh3 Qxd5 41. Nf3 Qe6+ 42. Kg2 Qd5 43. Qd2 Qb7 44. Qd8+ Kg7 45. Qd3 Qb6 46. Qb3 e6 47. Qd3 Qc7 48. Qc4 Qb6 49. Qf4 Qxb5 50. Qf6+ Kg8 51. Ng5 Qd7 52. Qf3 Qd2+ 53. Kh3 Qd7 54. Qa8+ Kg7 55. Qf3 Bd4 56. Qf6+ Kg8 57. Ne4 Qc6 58. Qf4 Qd5 59. Nf6+ 1-0

[Event "4NCL Online Division 5"]
[Site "online"]
[Date "2021.04.06"]
[EventDate "2021.04.06"]
[Round "6.152"]
[White "Bromilow, Edward T"]
[WhiteElo "1885"]
[WhiteTeam "Ashfield Anonymous C"]
[Black "Sagar, Aneesh"]
[BlackElo "1516"]
[BlackTeam "Kent KJCA Kestrels E"]
[Result "1-0"]
[PlyCount "55"]

1. e4 e5 2. Nf3 Nc6 3. Nc3 Bc5 4. Nxe5 Nxe5 5. d4 Bd6 6. dxe5 Bxe5 7. Qd3 Nf6 8. Bd2 O-O 9. f3 Re8 10. O-O-O Bxc3 11. Bxc3 d6 12. Kb1 Be6 13. g4 h6 14. h4 d5 15. e5 Nh7 16. Be2 c5 17. f4 c4 18. Qg3 g5 19. hxg5 hxg5 20. f5 Bc8 21. Qh2 Kf8 22. Qxh7 Ke7 23. Bb4+ Kd7 24. Qxf7+ Kc6 25. Bxc4 Re7 26. Bxe7 dxc4 27. Qxc4+ Kb6 28. Bxd8# 1-0

[Event "4NCL Online Division 5"]
[Site "online"]
[Date "2021.04.06"]
[EventDate "2021.04.06"]
[Round "6.153"]
[White "Mann, Lev"]
[WhiteElo "1496"]
[WhiteTeam "Kent KJCA Kestrels E"]
[Black "Pettinger, Martin"]
[BlackElo "1730"]
[BlackTeam "Ashfield Anonymous C"]
[Result "0-1"]
[PlyCount "58"]

1. e4 c5 2. d4 cxd4 3. c3 dxc3 4. Nxc3 Nc6 5. Nf3 e6 6. Bc4 Bb4 7. O-O a6 8. Bf4 b5 9. Bb3 d6 10. Rc1 Bb7 11. a3 Bc5 12. Qd3 Nge7 13. Rfd1 Ng6 14. Bxd6 Bxd6 15. Qxd6 Qxd6 16. Rxd6 Ke7 17. Nxb5 axb5 18. Rcxc6 Bxc6 19. Rxc6 Rac8 20. Nd4 Rxc6 21. Nxc6+ Kd6 22. Nd4 Kc5 23. Ne2 Rd8 24. Nc3 Rd2 25. Nd1 Nf4 26. Kf1 Nd3 27. Ne3 Rxf2+ 28. Kg1 Rxb2 29. Bc2 Kd4 0-1

[Event "4NCL Online Division 5"]
[Site "online"]
[Date "2021.04.06"]
[EventDate "2021.04.06"]
[Round "6.154"]
[White "Graham, Neil"]
[WhiteElo "1776"]
[WhiteTeam "Ashfield Anonymous C"]
[Black "Oprea, Danny"]
[BlackElo "1383"]
[BlackTeam "Kent KJCA Kestrels E"]
[Result "1/2-1/2"]
[PlyCount "42"]

1. d4 d5 2. e4 dxe4 3. Nc3 Nf6 4. f3 exf3 5. Nxf3 e6 6. Bg5 Be7 7. Bd3 O-O 8. O-O Nbd7 9. Qe1 h6 10. Qh4 Nd5 11. Nxd5 Bxg5 12. Nxg5 Qxg5 13. Qe4 f5 14. Qxe6+ Kh8 15. Ne7 Rd8 16. Ng6+ Kh7 17. Bxf5 Nb6 18. Nf8+ Kh8 19. Ng6+ Kh7 20. Nf8+ Kh8 21. Ng6+ Kh7 1/2-1/2

[Event "4NCL Online Division 5"]
[Site "online"]
[Date "2021.04.06"]
[EventDate "2021.04.06"]
[Round "6.161"]
[White "Pert, Nina"]
[WhiteElo "1859"]
[WhiteTeam "Brentwood B"]
[Black "Suyash Srikanta Prasad"]
[BlackElo "1347"]
[BlackTeam "Uxbridge Destroyers"]
[Result "0-1"]
[PlyCount "54"]

1. e4 c5 2. Nf3 d6 3. d4 cxd4 4. Nxd4 Nf6 5. Nc3 a6 6. Bg5 e6 7. Bc4 Be7 8. O-O O-O 9. Qd2 Nc6 10. Rad1 d5 11. exd5 exd5 12. Bb3 Qb6 13. Nf3 Be6 14. Qf4 Rad8 15. Rfe1 Rfe8 16. Qg3 h6 17. Be3 Qb4 18. Nd4 Bd6 19. f4 Bg4 20. Rd3 Rxe3 21. Rexe3 Nxd4 22. a3 Qb6 23. Na4 Qa7 24. Qf2 b5 25. Rxd4 bxa4 26. Bxd5 Bc5 27. Bxf7+ Kxf7 0-1

[Event "4NCL Online Division 5"]
[Site "online"]
[Date "2021.04.06"]
[EventDate "2021.04.06"]
[Round "6.162"]
[White "Gauri, Dhairye"]
[WhiteElo "1315"]
[WhiteTeam "Uxbridge Destroyers"]
[Black "Molostvov, Dmitry M"]
[BlackElo "1749"]
[BlackTeam "Brentwood B"]
[Result "1/2-1/2"]
[PlyCount "55"]

1. e4 c5 2. Nf3 Nc6 3. d4 cxd4 4. Nxd4 Nf6 5. Nxc6 bxc6 6. Bc4 Nxe4 7. O-O d5 8. Bb3 e5 9. Nc3 Nxc3 10. bxc3 Bd6 11. c4 Be6 12. Re1 Bc7 13. cxd5 cxd5 14. Ba4+ Bd7 15. Bb3 Bc6 16. Bb2 O-O 17. Bxe5 Bxe5 18. Rxe5 Qd6 19. Rh5 Rad8 20. Qd3 h6 21. Rd1 d4 22. c3 Rd7 23. cxd4 Rfd8 24. Bc2 Qg6 25. Qxg6 fxg6 26. Bxg6 Rxd4 27. Rxd4 Rxd4 28. f3 1/2-1/2

[Event "4NCL Online Division 5"]
[Site "online"]
[Date "2021.04.06"]
[EventDate "2021.04.06"]
[Round "6.163"]
[White "Pert, Max"]
[WhiteElo "1671"]
[WhiteTeam "Brentwood B"]
[Black "Martellotta, Gabriele"]
[BlackElo "1352"]
[BlackTeam "Uxbridge Destroyers"]
[Result "1-0"]
[PlyCount "25"]

1. d4 d5 2. c4 Bf5 3. cxd5 Qxd5 4. Nc3 Qd7 5. e4 Bg6 6. Nf3 Nf6 7. Bc4 h6 8. Ne5 Qc8 9. Nxg6 fxg6 10. e5 Nh7 11. Qf3 Qf5 12. Qxb7 e6 13. Qxa8 1-0